000
00254nam a2200109Ia 4500
008
231212s1976 xx 000 0 und d
041
_a
eng
082
_a
625.8
100
_a
Pinsky A.A.
245
_a
Problems in Physics
260
_a
Mascow
_b
Mir Pub
_c
1976
999
_c
958556
_d
958556